000 00616nam a2200193 a 4500
001 000036877
005 20200930080007.0
008 120203s1987 sp a 000 0 spa d
020 _a8472900509
040 _aDO-SdBNP
_bspa
_cBNPHU
082 _axxxx
_bF899
100 1 _aFriedel, Robert
_963245
240 1 3 _aEdison´s electric light
_lEspañol
245 1 3 _aLa luz eléctrica de Edison. /
_cRobert Friedel & Paul Israel con Bernard S. Finn.
260 _aBarcelona :
_bEdiciones Bellaterra,
_c1987.
300 _a269 p ;
_c28 cm.
500 _aTraducido del inglés
504 _aNotas bibliográficas : p.243-258
999 _c36368
_d36368